书目信息 |
| 题名: |
会治病的家常便饭
|
|
| 作者: | 谢英彪 主编 ;汉竹 编著 | |
| 分册: | 痛风不能吃什么 | |
| 出版信息: | 南京 江苏科学技术出版社 2013.08 |
|
| 页数: | 175页 | |
| 开本: | 24cm | |
| 丛书名: | 健康爱家系列 | |
| 单 册: | ||
| 中图分类: | R247.1 , TS972.161 , R247.1 | |
| 科图分类: | ||
| 主题词: | 痛风--食物疗法--食谱 , 痛风 , 食物疗法 , 食谱 , 中医学:临床医学 | |
| 电子资源: | ||
| ISBN: | 978-7-5537-1444-8 | |
| 000 | 01101oam2 2200349 450 | |
| 001 | 010050030267 | |
| 005 | 20211124142246.49 | |
| 010 | @a978-7-5537-1444-8@dCNY32.80(含光盘) | |
| 100 | @a20130902d2013 em y0chiy0110 ea | |
| 101 | 0 | @achi |
| 102 | @aCN@b320000 | |
| 105 | @aaf z 000yy | |
| 106 | @ar | |
| 200 | 1 | @a会治病的家常便饭@9hui zhi bing de jia chang bian fan@i痛风不能吃什么@f谢英彪主编@g汉竹编著 |
| 210 | @a南京@c江苏科学技术出版社@d2013.08 | |
| 215 | @a175页@c图,照片@d24cm@e1附件 | |
| 225 | 2 | @a健康爱家系列 |
| 330 | @a本书共分为五章,主要内容包括:痛风饮食有大忌;痛风合并症饮食禁忌与食方;老中医推荐的65种低嘌呤食物;痛风患者最有效的34道药膳方等。 | |
| 333 | @a食疗爱好者 | |
| 461 | 0 | @12001 @a健康爱家系列 |
| 606 | 0 | @a痛风@x食物疗法@x食谱 |
| 606 | 0 | @a痛风 |
| 606 | 0 | @a食物疗法 |
| 606 | 0 | @a食谱 |
| 606 | 0 | @a中医学:临床医学 |
| 690 | @aR247.1@v5 | |
| 690 | @aTS972.161@v5 | |
| 690 | @aR247.1@v3 | |
| 701 | 0 | @a谢英彪@9xie ying biao@4主编 |
| 702 | 0 | @a汉竹@9han zhu@4编著 |
| 801 | 0 | @aCN@b人天书店@c20130902 |
| 905 | @b548602-04@dR247.1@e321@f3 | |
| 会治病的家常便饭.痛风不能吃什么/谢英彪主编/汉竹编著.-南京:江苏科学技术出版社,2013.08 |
| 175页:图,照片;24cm+1附件.-(健康爱家系列) |
| 使用对象:食疗爱好者 |
| ISBN 978-7-5537-1444-8:CNY32.80(含光盘) |
| 本书共分为五章,主要内容包括:痛风饮食有大忌;痛风合并症饮食禁忌与食方;老中医推荐的65种低嘌呤食物;痛风患者最有效的34道药膳方等。 |
| ● |
| 相关链接 |
|
|
|
|
正题名:会治病的家常便饭
索取号:R247.1/321
 
预约/预借
| 序号 | 登录号 | 条形码 | 馆藏地/架位号 | 状态 | 备注 |
| 1 | 548602 | 205486026 | 第二样本阅览室/ [索取号:R247.1/321] | 在馆 | |
| 2 | 548603 | 205486035 | 第三借阅区/ [索取号:R247.1/321] | 在馆 | |
| 3 | 548604 | 205486044 | 第三借阅区/ [索取号:R247.1/321] | 在馆 |